Ci sono almeno 25... - Morte improvvisa - Statistics

Statistiche generali
  • Questo quiz è stato fatto 513 volte
  • Il punteggio medio è 3 su 21
Answers on the Grid
Answers color-coded by a green-red scale on the quiz's grid according to % correct below.
...paesi più grandi dell'Egitto
...calciatori che hanno vinto il Pallone d'Oro
...film del Marvel Cinematic Universe
...stagioni dei Simpson
...fusi orari
...vertebre nella colonna vertebrale umana
...lettere nell'alfabeto inglese
...paesi che fanno parte dell'Unione Europea
...stati degli Stati Uniti senza sbocco sul mare
...satelliti naturali di Giove
...settimane in 6 mesi
...paesi che hanno disputato almeno un Europeo di calcio
...protoni in un atomo di argento
...monarchie nel mondo
...capoluoghi di provincia con più abitanti di Bergamo
...libri nell'Antico Testamento della Bibbia
...piloti differenti che hanno vinto il Campionato di Formula 1
...yen in un dollaro
...montagne più alte di 7000 metri
...numeri primi tra 1 e 100
...film che hanno incassato almeno un miliardo di dollari
...paesi con più abitanti della Francia
...stati attraversati dall'Equatore
...giocatori in una squadra di rugby
...capitali più a nord di Vienna
...paesi che confinano con la Russia
...once in una libbra
...paesi che hanno ospitato le Olimpiadi estive
...ossa nel cranio umano
...proprietà nel gioco di Monopoli
...papi eletti dal 1900 ad oggi
...diagonali in un ottagono
...divisori del numero 1000
...paesi con più abitanti dell'isola di Giava
...presidenti repubblicani nella storia degli Stati Uniti
...colori nella bandiera del Belize
...paesi che si affacciano sul Mar Mediterraneo
...stelle nella bandiera dell'Australia
...nazionali che hanno vinto almeno un mondiale di calcio
...non metalli nella tavola periodica
...città con più abitanti di Mosca
...grattacieli più alti di 500 metri
 
Statistiche sulle risposte
Risposta % Corretto
...lettere nell'alfabeto inglese
26%
...paesi che fanno parte dell'Unione Europea
21%
...settimane in 6 mesi
21%
...stagioni dei Simpson
17%
...stati degli Stati Uniti senza sbocco sul mare
17%
...film del Marvel Cinematic Universe
16%
...monarchie nel mondo
16%
...vertebre nella colonna vertebrale umana
15%
...numeri primi tra 1 e 100
14%
...calciatori che hanno vinto il Pallone d'Oro
13%
...fusi orari
13%
...paesi che hanno disputato almeno un Europeo di calcio
13%
...piloti differenti che hanno vinto il Campionato di Formula 1
11%
...protoni in un atomo di argento
11%
...libri nell'Antico Testamento della Bibbia
9%
...film che hanno incassato almeno un miliardo di dollari
8%
...yen in un dollaro
8%
...capoluoghi di provincia con più abitanti di Bergamo
7%
...montagne più alte di 7000 metri
7%
...satelliti naturali di Giove
7%
...paesi più grandi dell'Egitto
6%
Nessun quiz corrispondente trovato
Distribuzione punteggi
Percentuale di utenti per punteggio
Percentile per numero di risposta
I tuoi punteggi nel tempo
Non hai fatto questo quiz